000 00870nam a2200241Ia 4500
003 OSt
005 20220923213326.0
006 a|||||r|||| 00| 0
007 ta
008 220922b |||||||| |||| 00| 0 hin d
024 _a160,865
037 _cTextual
040 _aARTS
_cARTS
_bhin
041 _2hin
_ahin
082 _aY:351.2, 152L2
100 _aमानावत, महेन्द्र; सामर, देवीलाल
_9163020
245 0 _aलोकनाट्य परम्परा और प्रवृत्तियां
246 _aLokanāṭya paramparā aur pravṛuttiyāan
260 _c1972
650 _aभारतीय-लोक साहित्य
942 _hY:351.2, 152L2
_cTEXL
_2CC
999 _c315543
_d315543